Proyecto de un atlas lingüístico y etnográfico de Aragón / (Record no. 22903)

MARC details
000 -LEADER
campo de control de longitud fija 00587nam a2200181 i 4500
001 - NÚMERO DE CONTROL
campo de control 22903
003 - IDENTIFICADOR DE NÚMERO DE CONTROL
campo de control ES-MaACL
005 - FECHA Y HORA DE LA ÚLTIMA TRANSACCIÓN
campo de control 20240521124633.0
007 - CAMPO FIJO DE DESCRIPCIÓN FÍSICA--INFORMACIÓN GENERAL
campo de control de longitud fija t|
008 - DATOS DE LONGITUD FIJA--INFORMACIÓN GENERAL
campo de control de longitud fija 021205s1963 sp ||||1| spa d
100 1# - ENTRADA PRINCIPAL--NOMBRE DE PERSONA
Nombre de persona Alvar, Manuel,
Fechas asociadas al nombre 1923-2001
9 (RLIN) 20583
245 10 - MENCIÓN DEL TÍTULO
Título Proyecto de un atlas lingüístico y etnográfico de Aragón /
Mención de responsabilidad, etc. Manuel Alvar.
260 ## - PUBLICACIÓN, DISTRIBUCIÓN, ETC.
Lugar de publicación, distribución, etc. Zaragoza :
Nombre del editor, distribuidor, etc. Institución Fernando el Católico,
Fecha de publicación, distribución, etc. 1963.
300 ## - DESCRIPCIÓN FÍSICA
Extensión 88 p. ;
Dimensiones 25 cm.
710 2# - ENTRADA AGREGADA--NOMBRE DE ENTIDAD CORPORATIVA
Nombre de entidad corporativa o nombre de jurisdicción como elemento de entrada Institución "Fernando el Católico"
9 (RLIN) 4721
852 ## - LOCALIZACIÓN
Ubicación ES-MaACL
Número de control de estantería C-23799
Sublocalización o colección R.52574
Holdings
Estatus retirado Estado de pérdida Estado de daño No para préstamo Biblioteca de origen Biblioteca actual Ubicación en estantería Fecha de adquisición Fuente de adquisición Total de préstamos Signatura topográfica completa Código de barras Visto por última vez Precio de reemplazo Tipo de ítem Koha
        Biblioteca del Ateneo de Madrid Biblioteca del Ateneo de Madrid Depósito 2 17/01/2008     C-23799 1023590 23/02/2023 23/02/2023 Libro impreso